[Event "Wch U18 Girls"]
[Site "Kemer"]
[Date "2009.11.16"]
[Round "6"]
[White "Hamza, Amira"]
[Black "Laurusaite, Brigita"]
[Result "1-0"]
[WhiteElo "1883"]
[BlackElo "2057"]
[PlyCount "106"]
[EventDate "2009.11.12"]
[EventType "swiss"]
[EventRounds "11"]
[EventCountry "TUR"]
[SourceTitle "EXT 2010"]
[Source "ChessBase"]
[SourceDate "2010.11.25"]
[SourceVersion "1"]
[SourceVersionDate "2010.11.25"]
[SourceQuality "1"]

1. d4 d5 2. Nf3 e6 3. c4 dxc4 4. Nc3 a6 5. e3 Nf6 6. Bxc4 c5 7. 0-0 Qc7 8. Be2 Nc6 9. dxc5 Bxc5 10. a3 Be7 11. b4 Nxb4 12. axb4 Qxc3 13. Bd2 Qc7 14. Qb3 0-0 15. Rfc1 Qd8 16. Be1 Nd5 17. Rd1 Bf6 18. Rac1 Qb6 19. Bc4 Nc7 20. e4 Nb5 21. Bxb5 Qxb5 22. Bc3 Bxc3 23. Qxc3 a5 24. bxa5 Qxa5 25. Qd4 Qa4 26. Rc4 Qe8 27. e5 b5 28. Rc7 Ra4 29. Qd3 h6 30. Qd6 Ba6 31. g3 Qa8 32. Nh4 Rc8 33. Ng6 Rxc7 34. Qxc7 fxg6 35. Rd8+ Qxd8 36. Qxd8+ Kh7 37. Qd7 Rc4 38. Qxe6 Bb7 39. f4 Bc8 40. Qd5 Rc1+ 41. Kf2 Rc2+ 42. Ke3 b4 43. e6 Ba6 44. f5 Rc3+ 45. Kf2 Bc4 46. Qe4 gxf5 47. Qxf5+ Kg8 48. e7 Bf7 49. Qe4 b3 50. e8Q+ Bxe8 51. Qxe8+ Kh7 52. Qe4+ Kg8 53. Qb1 Kh8 1-0

[Event "Wch U18 Girls"]
[Site "Kemer"]
[Date "2009.11.14"]
[Round "3"]
[White "Laurusaite, Brigita"]
[Black "Bhakti, Kulkarni"]
[Result "0-1"]
[WhiteElo "2057"]
[BlackElo "2263"]
[PlyCount "66"]
[EventDate "2009.11.12"]
[EventType "swiss"]
[EventRounds "11"]
[EventCountry "TUR"]
[SourceTitle "EXT 2010"]
[Source "ChessBase"]
[SourceDate "2010.11.25"]
[SourceVersion "1"]
[SourceVersionDate "2010.11.25"]
[SourceQuality "1"]

1. e4 c5 2. Nf3 g6 3. c3 Bg7 4. d4 cxd4 5. cxd4 d5 6. e5 Nc6 7. Nc3 Bg4 8. Be2 Bxf3 9. Bxf3 e6 10. 0-0 Qb6 11. Ne2 Nh6 12. b3 Nf5 13. Bb2 f6 14. Bg4 fxe5 15. Bxf5 exf5 16. dxe5 0-0-0 17. Qc1 Kb8 18. e6 Bxb2 19. Qxb2 Rhe8 20. Qf6 Qc7 21. Rfe1 Qe7 22. Qxe7 Rxe7 23. Nf4 g5 24. Nd3 Rd6 25. Nc5 Kc7 26. h4 h6 27. hxg5 hxg5 28. b4 b6 29. Nd3 Rdxe6 30. Rec1 Kd6 31. a4 Nd4 32. Rc8 Ne2+ 33. Kf1 Rh7 0-1

[Event "LTU-ch (Women)"]
[Site "Vilnius"]
[Date "2009.05.02"]
[Round "5"]
[White "Batyte, Daiva"]
[Black "Laurusaite, Brigita"]
[Result "0-1"]
[WhiteElo "2142"]
[BlackElo "2055"]
[PlyCount "66"]
[EventDate "2009.05.02"]
[EventType "tourn"]
[EventRounds "9"]
[EventCountry "LTU"]
[SourceTitle "EXT 2024"]
[Source "ChessBase"]
[SourceDate "2023.10.10"]
[SourceVersion "1"]
[SourceVersionDate "2023.10.10"]
[SourceQuality "1"]

1. g3 d5 2. Bg2 c6 3. Nf3 Bg4 4. Ne5 Bh5 5. d4 Nd7 6. Nd3 Ngf6 7. Nf4 Bg6 8. Nxg6 hxg6 9. Nd2 e5 10. dxe5 Nxe5 11. Nf3 Bd6 12. Nxe5 Bxe5 13. c3 Qb6 14. Qb3 Ng4 15. Qxb6 axb6 16. h3 Nf6 17. 0-0 b5 18. Be3 Nd7 19. a3 0-0 20. Rad1 Rfe8 21. h4 Bxg3 22. Rd4 Be5 23. Rd3 Bf6 24. Bh3 Ne5 25. Rd2 Nc4 26. Rc2 Nxe3 27. fxe3 Rxe3 28. Rf3 Re4 29. Kf1 Bxh4 30. Bg2 Bg5 31. Rg3 Re5 32. Rg4 Be3 33. Bf3 g5 0-1

[Event "LTU-ch U18 Girls"]
[Site "Panevezys"]
[Date "2009.03.21"]
[Round "7"]
[White "Zalimaite, Ieva"]
[Black "Laurusaite, Brigita"]
[Result "0-1"]
[WhiteElo "1877"]
[BlackElo "2047"]
[PlyCount "114"]
[EventDate "2009.03.17"]
[EventType "tourn"]
[EventRounds "7"]
[EventCountry "LTU"]
[SourceTitle "EXT 2010"]
[Source "ChessBase"]
[SourceDate "2010.11.25"]
[SourceVersion "1"]
[SourceVersionDate "2010.11.25"]
[SourceQuality "1"]

1. c4 e6 2. g3 d5 3. Bg2 dxc4 4. Qa4+ Nd7 5. Qxc4 Ngf6 6. d4 c6 7. e4 e5 8. Ne2 exd4 9. Qxd4 Bc5 10. Qc3 Qb6 11. Be3 Bxe3 12. fxe3 0-0 13. Nd2 Nc5 14. 0-0 Na4 15. Qd4 Qxb2 16. Rab1 Qxd4 17. exd4 Rd8 18. h3 Nb6 19. Kf2 Be6 20. a4 Rab8 21. a5 Nc4 22. Nxc4 Bxc4 23. Rfd1 b6 24. axb6 axb6 25. Nc3 Kf8 26. Ke3 Ke7 27. d5 cxd5 28. exd5 Kd6 29. Kd4 Rdc8 30. g4 h6 31. Ra1 b5 32. Ra6+ Kd7 33. Ra7+ Rc7 34. Rxc7+ Kxc7 35. Kc5 Nd7+ 36. Kb4 Ne5 37. Ne4 Nd3+ 38. Kc3 Nf4 39. d6+ Kd8 40. Bf3 Bd5 41. Kb4 Bxe4 42. Bxe4 Kd7 43. Bf5+ Ne6 44. Rd5 g6 45. Bd3 Kc6 46. Be4 Kd7 47. Bd3 Kc6 48. Be4 Rd8 49. Rd1+ Kb6 50. Rd5 Ka6 51. d7 Kb6 52. Rxb5+ Kc7 53. Rb7+ Kd6 54. Rb6+ Kxd7 55. Rb7+ Nc7 56. Kc5 Rc8 57. Bc6+ Ke6 0-1

[Event "LTU-chT 4th 0809"]
[Site "Lithuania"]
[Date "2009.03.14"]
[Round "8.45"]
[White "Laurusaite, Brigita"]
[Black "Paulauskaite, Gintare"]
[Result "1-0"]
[WhiteElo "2058"]
[BlackElo "2044"]
[PlyCount "103"]
[EventDate "2008.11.08"]
[EventType "team"]
[EventRounds "9"]
[EventCountry "LTU"]
[SourceTitle "EXT 2024"]
[Source "ChessBase"]
[SourceDate "2023.10.10"]
[SourceVersion "1"]
[SourceVersionDate "2023.10.10"]
[SourceQuality "1"]

1. e4 e6 2. d4 d5 3. Nd2 Nf6 4. e5 Nfd7 5. f4 c5 6. c3 Nc6 7. Ndf3 cxd4 8. cxd4 Qa5+ 9. Kf2 Be7 10. Bd3 Qb6 11. Ne2 f6 12. Kf1 fxe5 13. fxe5 0-0 14. Bb1 Rf7 15. Qd3 Nf8 16. g3 Bd7 17. Kg2 Nb4 18. Qd1 Bb5 19. Nc3 Ba6 20. a3 Nc6 21. b4 Rxf3 22. Kxf3 Qxd4 23. Qxd4 Nxd4+ 24. Kg2 Rc8 25. Bb2 Nb3 26. b5 Nxa1 27. Bxa1 Rxc3 28. Bxc3 Bxb5 29. Bb2 Nd7 30. Rc1 g6 31. h4 Kf7 32. h5 Bc6 33. Kh3 Nb6 34. hxg6+ hxg6 35. Bd3 Na4 36. Rf1+ Kg7 37. Bd4 Bxa3 38. Bxa7 Bb2 39. Re1 Bc3 40. Re2 Nb2 41. Bb1 d4 42. Kh4 Kh6 43. Bc5 Bf3 44. Bf8+ Kh7 45. Rf2 Bd5 46. Rf7+ Kg8 47. Bxg6 Be4 48. Kh5 Nc4 49. Bg7 Bb4 50. Rxb7 Bd5 51. Bf6 Nb6 52. Rh7 1-0

[Event "LTU-ch sf"]
[Site "Vilnius"]
[Date "2009.02.19"]
[Round "9"]
[White "Sciupokas, Arunas"]
[Black "Laurusaite, Brigita"]
[Result "1/2-1/2"]
[WhiteElo "1954"]
[BlackElo "2047"]
[PlyCount "133"]
[EventDate "2009.02.13"]
[EventType "swiss"]
[EventRounds "9"]
[EventCountry "LTU"]
[SourceTitle "CBM 128 Extra"]
[Source "ChessBase"]
[SourceDate "2009.03.05"]
[SourceVersion "2"]
[SourceVersionDate "2009.03.25"]
[SourceQuality "1"]

1. e4 c6 2. d4 d5 3. exd5 cxd5 4. Bb5+ Bd7 5. Bxd7+ Qxd7 6. Nf3 Nc6 7. 0-0 e6 8. Bf4 Nf6 9. Nc3 Be7 10. Ne5 Qd8 11. Qd3 Qb6 12. Rfd1 0-0 13. a3 Nxe5 14. Bxe5 Nd7 15. Qb5 Qxb5 16. Nxb5 Nxe5 17. dxe5 a6 18. Nd4 Rfc8 19. Rd3 Bc5 20. c3 Kf8 21. Rad1 Ke7 22. Kf1 b5 23. g4 f6 24. Re1 Bxd4 25. Rxd4 fxe5 26. Rxe5 Kd6 27. Rh5 h6 28. g5 hxg5 29. Rxg5 Ra7 30. Rdg4 Rcc7 31. Rg6 Rf7 32. Ke2 Rae7 33. h4 Kc5 34. f3 Kd6 35. Ke3 Rc7 36. R6g5 Rc4 37. Rxg7 Rxg7 38. Rxg7 Rxh4 39. Ra7 Ra4 40. Ra8 Kc6 41. Re8 Kd7 42. Ra8 e5 43. Ra7+ Kc6 44. Kd3 d4 45. cxd4 Rxd4+ 46. Ke3 Ra4 47. Kd3 Kd5 48. Rd7+ Ke6 49. Ra7 Rd4+ 50. Ke3 Rd6 51. Rc7 Kd5 52. Rc2 Rh6 53. Rd2+ Ke6 54. Rc2 Kf5 55. Rd2 Rc6 56. Rh2 Rc5 57. Rh5+ Kg6 58. Rh2 Rc4 59. Rd2 Kf5 60. Rh2 Rc5 61. Rh5+ Kg6 62. Rh2 a5 63. f4 exf4+ 64. Kxf4 Kf6 65. Ke4 Ke6 66. Rh6+ Ke7 67. Ke3 1/2-1/2

[Event "LTU-ch sf"]
[Site "Vilnius"]
[Date "2009.02.16"]
[Round "6"]
[White "Laurusaite, Brigita"]
[Black "Vaznonis, Vytautas"]
[Result "1/2-1/2"]
[WhiteElo "2047"]
[BlackElo "2352"]
[PlyCount "50"]
[EventDate "2009.02.13"]
[EventType "swiss"]
[EventRounds "9"]
[EventCountry "LTU"]
[SourceTitle "CBM 128 Extra"]
[Source "ChessBase"]
[SourceDate "2009.03.05"]
[SourceVersion "2"]
[SourceVersionDate "2009.03.25"]
[SourceQuality "1"]

1. e4 e6 2. d4 d5 3. Nd2 c5 4. Ngf3 Nc6 5. exd5 exd5 6. Bb5 Bd6 7. dxc5 Bxc5 8. Nb3 Bd6 9. Qd4 Nf6 10. 0-0 0-0 11. Bxc6 bxc6 12. Bf4 Bf5 13. Bxd6 Qxd6 14. Qe5 Qxe5 15. Nxe5 c5 16. Nxc5 Rfc8 17. Ned3 Bxd3 18. Nxd3 Rxc2 19. Rac1 Rac8 20. Rxc2 Rxc2 21. Rc1 Rxc1+ 22. Nxc1 Kf8 23. f3 Ke7 24. Kf2 Kd6 25. Ke3 g5 1/2-1/2

[Event "LTU-ch sf"]
[Site "Vilnius"]
[Date "2009.02.16"]
[Round "5"]
[White "Narmontas, Matas"]
[Black "Laurusaite, Brigita"]
[Result "1-0"]
[WhiteElo "2363"]
[BlackElo "2047"]
[PlyCount "51"]
[EventDate "2009.02.13"]
[EventType "swiss"]
[EventRounds "9"]
[EventCountry "LTU"]
[SourceTitle "CBM 128 Extra"]
[Source "ChessBase"]
[SourceDate "2009.03.05"]
[SourceVersion "2"]
[SourceVersionDate "2009.03.25"]
[SourceQuality "1"]

1. e4 c6 2. d4 d5 3. e5 Bf5 4. Be3 e6 5. Nd2 Nd7 6. Ngf3 Qc7 7. Be2 c5 8. c3 Ne7 9. 0-0 Nc6 10. Nh4 Bg6 11. f4 Be7 12. Nxg6 hxg6 13. Nf3 cxd4 14. cxd4 Nb6 15. Rc1 0-0 16. Ng5 Rac8 17. Qe1 Qd7 18. Rf3 Bxg5 19. fxg5 Ne7 20. Rh3 Rxc1 21. Bxc1 Nf5 22. Bd2 Qa4 23. Bc3 Rc8 24. Bd1 Qxa2 25. g4 Ne7 26. Qh4 1-0

[Event "LTU-ch sf"]
[Site "Vilnius"]
[Date "2009.02.14"]
[Round "2"]
[White "Laurusaite, Brigita"]
[Black "Zickus, Simonas"]
[Result "0-1"]
[WhiteElo "2047"]
[BlackElo "2301"]
[PlyCount "122"]
[EventDate "2009.02.13"]
[EventType "swiss"]
[EventRounds "9"]
[EventCountry "LTU"]
[SourceTitle "CBM 128 Extra"]
[Source "ChessBase"]
[SourceDate "2009.03.05"]
[SourceVersion "2"]
[SourceVersionDate "2009.03.25"]
[SourceQuality "1"]

1. e4 c5 2. Nf3 Nc6 3. Bb5 g6 4. Bxc6 dxc6 5. d3 Bg7 6. h3 Nf6 7. 0-0 Nd7 8. a4 0-0 9. a5 Re8 10. Nbd2 e5 11. Nc4 Qe7 12. b3 Nf8 13. Bb2 f6 14. Qd2 Ne6 15. Ba3 Bf8 16. Nb2 Qc7 17. Nc4 b5 18. axb6 axb6 19. Bb2 Bd7 20. Nh2 b5 21. Ne3 Nd4 22. Neg4 Qd6 23. Rxa8 Rxa8 24. Ra1 Rxa1+ 25. Bxa1 Kf7 26. Qd1 Be6 27. Nf3 Qc7 28. Bb2 Be7 29. Nd2 Qa5 30. Ne3 Bf8 31. Ndf1 Bh6 32. Ng4 Bg7 33. Nge3 h5 34. Qa1 Qxa1 35. Bxa1 Bh6 36. Bxd4 cxd4 37. Nd1 c5 38. f3 c4 39. dxc4 bxc4 40. bxc4 Bxc4 41. Nb2 Ba2 42. Kf2 Bb1 43. g4 hxg4 44. hxg4 Bxc2 45. Ke2 Bc1 46. Nc4 Kg7 47. Nd6 Bb3 48. Nd2 Bxd2 49. Kxd2 Kh6 50. Ne8 Kg5 51. Ke2 Ba4 52. Nc7 Bd7 53. Nd5 Be6 54. Ne7 Bf7 55. Nc8 Be6 56. Nd6 Bd7 57. Kf2 Kf4 58. Nb7 Bb5 59. Nc5 Bc4 60. Na4 d3 61. Nc3 d2 0-1

[Event "Wch U18 Girls"]
[Site "Vung Tau"]
[Date "2008.10.26"]
[Round "7"]
[White "Corke, Anya Sun"]
[Black "Laurusaite, Brigita"]
[Result "1-0"]
[WhiteElo "2301"]
[BlackElo "2058"]
[PlyCount "45"]
[EventDate "2008.10.20"]
[EventType "swiss"]
[EventRounds "11"]
[EventCountry "VIE"]
[SourceTitle "EXT 2009"]
[Source "ChessBase"]
[SourceDate "2008.11.26"]
[SourceVersion "1"]
[SourceVersionDate "2008.11.26"]
[SourceQuality "1"]

1. d4 d5 2. c4 dxc4 3. Nf3 e6 4. e3 Nf6 5. Bxc4 a6 6. a4 c5 7. 0-0 Nc6 8. Qe2 Qc7 9. Rd1 Be7 10. dxc5 Bxc5 11. b3 0-0 12. Bb2 Qe7 13. Nc3 Na5 14. Nd2 Nxc4 15. Qxc4 b6 16. Nce4 Nxe4 17. Nxe4 Bb7 18. Rd7 Bxe4 19. Rxe7 Bxe7 20. Qxe4 Rac8 21. Qg4 g6 22. Qd4 f6 23. Qd7 1-0

[Event "Panevezys op-A"]
[Site "Panevezys"]
[Date "2008.08.16"]
[Round "7"]
[White "Laurusaite, Brigita"]
[Black "Narmontas, Raimondas"]
[Result "1/2-1/2"]
[WhiteElo "2039"]
[BlackElo "2148"]
[PlyCount "111"]
[EventDate "2008.08.12"]
[EventType "swiss"]
[EventRounds "9"]
[EventCountry "LTU"]
[SourceTitle "CBM 125 Extra"]
[Source "ChessBase"]
[SourceDate "2008.09.01"]
[SourceVersion "1"]
[SourceVersionDate "2008.09.01"]
[SourceQuality "1"]

1. e4 c6 2. d4 d5 3. Nd2 dxe4 4. Nxe4 Nf6 5. Nxf6+ gxf6 6. c3 Bf5 7. Nf3 Nd7 8. g3 Nb6 9. Bg2 Qd7 10. 0-0 Bh3 11. Nh4 0-0-0 12. Qh5 Bxg2 13. Nxg2 Qd5 14. Qxd5 Nxd5 15. Re1 e6 16. Nf4 Bd6 17. Nxd5 cxd5 18. a4 Kd7 19. Kg2 Rc8 20. Bd2 Rc6 21. Kf3 Rb6 22. b4 Rc6 23. Ke3 Rc4 24. f4 f5 25. a5 a6 26. Kd3 h5 27. h4 Rg8 28. Rg1 Rg4 29. Rae1 Be7 30. Ke2 Rc8 31. Kf3 Rcg8 32. Be3 Kc6 33. Bf2 Kb5 34. Rc1 Rc8 35. Ke3 Rc4 36. Kd3 Bd6 37. Rc2 Rg8 38. Rb1 Rgc8 39. Be1 f6 40. Re2 Re8 41. Rf2 Rc7 42. Rbb2 Rg7 43. Rf3 e5 44. fxe5 fxe5 45. dxe5 Rxe5 46. Bd2 Re4 47. Bg5 Rf7 48. Rbf2 Rg4 49. Rxf5 Rxg3+ 50. Kd4 Rxf5 51. Rxf5 Kc6 52. Rf6 Rg4+ 53. Kd3 Kd7 54. Rf7+ Kc6 55. Rf6 Kd7 56. Rf7+ 1/2-1/2

[Event "Kaunas Taure"]
[Site "Kaunas"]
[Date "2008.07.29"]
[Round "6.9"]
[White "Laurusaite, Brigita"]
[Black "Szczesniak, Andrzej"]
[Result "0-1"]
[WhiteElo "2039"]
[BlackElo "2105"]
[PlyCount "36"]
[EventDate "2008.07.24"]
[EventType "swiss"]
[EventRounds "9"]
[EventCountry "LTU"]
[SourceTitle "EXT 2024"]
[Source "ChessBase"]
[SourceDate "2023.10.10"]
[SourceVersion "1"]
[SourceVersionDate "2023.10.10"]
[SourceQuality "1"]

1. e4 e5 2. Nf3 Nc6 3. Bb5 a6 4. Ba4 Nf6 5. Qe2 b5 6. Bb3 Bc5 7. c3 Bb6 8. d3 0-0 9. 0-0 d6 10. h3 h6 11. Re1 Qe7 12. Nh4 Ng4 13. hxg4 Qxh4 14. Bd1 Bxg4 15. Qf1 Bxd1 16. Rxd1 f5 17. Rd2 fxe4 18. dxe4 Rxf2 0-1

[Event "LTU-ch sf (Women)"]
[Site "Vilnius"]
[Date "2008.01.29"]
[Round "2"]
[White "Laurusaite, Brigita"]
[Black "Giedraityte, Ausra"]
[Result "1-0"]
[WhiteElo "2012"]
[BlackElo "1756"]
[PlyCount "69"]
[EventDate "2008.01.28"]
[EventType "swiss"]
[EventRounds "7"]
[EventCountry "LTU"]
[SourceTitle "EXT 2010"]
[Source "ChessBase"]
[SourceDate "2010.11.25"]
[SourceVersion "1"]
[SourceVersionDate "2010.11.25"]
[SourceQuality "1"]

1. e4 c5 2. Nf3 d6 3. d4 cxd4 4. Nxd4 Nf6 5. Nc3 a6 6. Be3 g6 7. Bc4 Bg7 8. Bb3 Bd7 9. Qd2 Nc6 10. a3 Ng4 11. Nxc6 Bxc6 12. Bg5 Nf6 13. f3 0-0 14. 0-0-0 b5 15. Bh6 Qb6 16. h4 a5 17. h5 a4 18. Bxg7 Kxg7 19. Bd5 b4 20. Nb1 bxa3 21. Nxa3 Rab8 22. Qd4 Bxd5 23. exd5 Rfc8 24. hxg6 hxg6 25. Rh4 g5 26. Qxb6 Rxb6 27. Rxa4 Rh8 28. Ra7 Rh2 29. Nc4 Rb5 30. Ne3 e6 31. dxe6 Re5 32. Rxf7+ Kg6 33. Rxf6+ Kxf6 34. Ng4+ Kxe6 35. Nxh2 1-0

[Event "LTU-chT 0708"]
[Site "Lithuania"]
[Date "2007.12.08"]
[Round "4"]
[White "Sarakauskiene, Zivile"]
[Black "Laurusaite, Brigita"]
[Result "1-0"]
[WhiteElo "2226"]
[BlackElo "1973"]
[PlyCount "127"]
[EventDate "2007.09.30"]
[EventType "team"]
[EventRounds "9"]
[EventCountry "LTU"]
[SourceTitle "EXT 2009"]
[Source "ChessBase"]
[SourceDate "2008.11.26"]
[SourceVersion "1"]
[SourceVersionDate "2008.11.26"]
[SourceQuality "1"]

1. e4 c5 2. Nf3 d6 3. d4 cxd4 4. Nxd4 Nf6 5. Nc3 a6 6. Bg5 e6 7. f4 Qc7 8. Qf3 Nbd7 9. 0-0-0 Be7 10. g4 b5 11. Bxf6 gxf6 12. f5 Ne5 13. Qh3 Bd7 14. Nce2 Nc6 15. fxe6 fxe6 16. Qh5+ Kd8 17. Qf7 Qc8 18. Qg7 Re8 19. Qxh7 Nxd4 20. Nxd4 Qc5 21. h4 Rc8 22. Rh3 Qe5 23. Kb1 a5 24. h5 b4 25. h6 Qg5 26. Be2 Qg8 27. Qxg8 Rxg8 28. h7 Rh8 29. Rh5 a4 30. Bb5 a3 31. Rdh1 Rb8 32. Bc4 d5 33. exd5 e5 34. Nf5 Bxf5 35. gxf5 Kd7 36. d6 Bxd6 37. Rg1 Kc6 38. Rg8 Kc5 39. Be6 e4 40. Rxb8 Bxb8 41. bxa3 bxa3 42. Bg8 Kd4 43. Kc1 Bd6 44. Kd2 Ke5 45. Ke3 Bc5+ 46. Ke2 Bd6 47. Be6 Bf8 48. Bg8 Bd6 49. c3 Bc5 50. Kd2 Bd6 51. Kc2 Kf4 52. Kd2 Ke5 53. Ke2 Be7 54. c4 Bd6 55. Rh1 Kxf5 56. c5 Bc7 57. Rh3 Ke5 58. Rxa3 f5 59. Ra7 Bd8 60. Rd7 Bh4 61. c6 f4 62. Rd5+ Kf6 63. c7 f3+ 64. Ke3 1-0

[Event "LTU-chT 0708"]
[Site "Lithuania"]
[Date "2007.11.11"]
[Round "3"]
[White "Laurusaite, Brigita"]
[Black "Potapova, Jelizaveta"]
[Result "0-1"]
[WhiteElo "1973"]
[BlackElo "1962"]
[PlyCount "90"]
[EventDate "2007.09.30"]
[EventType "team"]
[EventRounds "9"]
[EventCountry "LTU"]
[SourceTitle "EXT 2009"]
[Source "ChessBase"]
[SourceDate "2008.11.26"]
[SourceVersion "1"]
[SourceVersionDate "2008.11.26"]
[SourceQuality "1"]

1. e4 e5 2. Nf3 Nf6 3. Nxe5 d6 4. Nf3 Nxe4 5. Nc3 Nxc3 6. dxc3 Be7 7. Bd3 0-0 8. Be3 Re8 9. Qd2 Nc6 10. 0-0-0 Ne5 11. Nxe5 dxe5 12. Qe2 Bd6 13. g4 e4 14. Bc4 Qh4 15. h3 Be6 16. Bd5 Bxd5 17. Rxd5 Qf6 18. h4 Bf4 19. Kb1 Bxe3 20. fxe3 Qf3 21. Re1 Rad8 22. Rxd8 Rxd8 23. b3 Qxe2 24. Rxe2 Rd1+ 25. Kb2 Kf8 26. Rg2 Ke7 27. g5 Re1 28. Rg3 Ke6 29. c4 Rf1 30. Kc3 Rf3 31. Rg4 Kf5 32. Rg2 Rxe3+ 33. Kd4 Rf3 34. c5 Kf4 35. Re2 e3 36. c6 bxc6 37. c4 f6 38. gxf6 gxf6 39. Kd3 c5 40. Re1 h5 41. Rg1 Rf2 42. Rg6 Rd2+ 43. Kc3 Rd6 44. Rg8 e2 45. Re8 Kf3 0-1